La filosofía de la tragedia. Dostoievsky y Nietzsche.

Wedi'i Gadw mewn:
Manylion Llyfryddiaeth
Prif Awdur: Chestov, León (autor)
Fformat: Llyfr
Iaith:Saesneg
Cyhoeddwyd: Buenos Aires, Argentina: Emecé editores, 1949.
Cyfres:Colección grandes ensayistas.
Pynciau:
Tagiau: Ychwanegu Tag
Dim Tagiau, Byddwch y cyntaf i dagio'r cofnod hwn!

MARC

LEADER 00000nam a22000007a 4500
003 CL-VaPUC
005 20230309101959.0
008 220707e1949 ||||| |||| 00| 0 eng d
999 |c 436802  |d 436800 
040 |c Pontificia Universidad Católica de Valparaíso 
082 |a 801.95 CHE 1949   |2 22 
100 |a Chestov, León  |9 345672  |e autor 
245 |a  La filosofía de la tragedia.   |b Dostoievsky y Nietzsche.  
260 |a Buenos Aires, Argentina:   |b Emecé editores,   |c 1949.  
300 |a 267 páginas.  
490 |a Colección grandes ensayistas.  
500 |a c.1 Donación Familia Prof. Alejandro Guzmán Brito. 
583 |c 20220707  |k Yessy Sthefany Diaz Vidal 
600 0 |a Dostoievski, Fiódor  |9 872421  |x autor  
600 0 |a Nietzsche, Friedrich  |q (Friedrich Wilhelm)   |d 1844-1900  |9 858277 
650 0 |a Tragedia   |9 345955  |x Literatura  
650 0 |a Tragedia   |9 345955  |x Filosofía   |x Crítica e interpretación  
942 |2 ddc  |c BK  |n 0 
952 |0 0  |1 0  |2 ddc  |4 0  |6 801_950000000000000_CHE_1949  |7 0  |8 C_AGB  |9 584533  |a BIBDER  |b BIBDER  |d 2022-07-07  |e Donación   |i 5652634  |o 801.95 CHE 1949  |p 5652634  |r 2023-01-25  |t 1  |w 2022-07-07  |y BK_US  |k AGB